000 00831 a2200289 4500
001 139484
003 OSt
005 20260130122310.0
008
020 _a9780070702134
082 _a531
_bK65M
100 1 _aKittel, Charles
245 1 _aMechanics
_cby Charles Kittel, Walter D. Knight and Malvin A. Ruderman; revised by A. Carl Helmholz and Buron J. Moyer
250 _a2nd ed.
260 _aChennai
_bMcGrew Hill
_c2011, 2013, 2018, 2019
300 _axx, 451p.
490 _aBerkeley Physics Course
_vVol. 1
500 _aVol. 1
546 _aEnglish
650 _aPhysics
650 _aPhysics; Mechanics
700 _aKnight, Walter D.
700 _aRuderman, Malvin A.
700 _4Helmholz, A. Carl, Rev.
700 _aMoyer, Buron J., Rev.
942 _2ddc
_cBK
999 _c12141
_d12141